| 000 | 00676nam a2200193 4500 | ||
|---|---|---|---|
| 008 | 010206s1992 nyu 1 engYA | ||
| 020 | _a0809133229 | ||
| 090 |
_aBS1239 _bR13d |
||
| 100 | 1 | _aRalph, Margaret Nutting | |
| 245 | 1 | 0 |
_aDiscovering Old Testament origins : _bthe books of Genesis, Exodus and Samuel / _cMargaret Nutting Ralph |
| 260 |
_aNew York : _bPaulist Press, _cc1992. |
||
| 300 | _avi, 319 p. | ||
| 490 | 1 | _aDiscovering the living word series | |
| 504 | _aIncludes index. | ||
| 650 | 4 |
_aBible. O.T. Exodus _xStudy and teaching |
|
| 650 | 4 |
_aBible. O.T. Genesis _xStudy and teaching |
|
| 650 | 4 |
_aBible. O.T. Samuel _xStudy and teaching |
|
| 999 |
_c818 _d818 |
||